[Event "Choc des Generations"]
[Site "Montreal CAN"]
[Date "2019.03.31"]
[Round "5.1"]
[White "Li, Yi Lin"]
[Black "Masse, Hugues"]
[Result "1/2-1/2"]
[WhiteElo "1924"]
[BlackElo "2162"]
[PlyCount "46"]
[EventDate "2019.03.29"]
[EventType "schev"]
[EventRounds "5"]
[EventCountry "CAN"]

1. e4 e5 2. Nf3 Nf6 3. Nc3 Nc6 4. Bc4 Nxe4 5. Bxf7+ Kxf7 6. Nxe4 d5 7. Neg5+
Kg8 8. d4 h6 9. Nh3 Bg4 10. dxe5 Nxe5 11. Nf4 c6 12. Qd4 Nxf3+ 13. gxf3 Bf5 14.
c3 Qf6 15. Qxf6 gxf6 16. Be3 Kf7 17. O-O-O h5 18. h4 Bd6 19. Rhg1 Rag8 20. Rxg8
Kxg8 21. Nxd5 Kf7 22. Nf4 Bxf4 23. Bxf4 Re8 1/2-1/2

[Event "Choc des Generations"]
[Site "Montreal CAN"]
[Date "2019.03.31"]
[Round "5.2"]
[White "Soudre, Nicolas"]
[Black "Durette, Francis"]
[Result "1-0"]
[WhiteElo "2067"]
[BlackElo "2011"]
[PlyCount "43"]
[EventDate "2019.03.29"]
[EventType "schev"]
[EventRounds "5"]
[EventCountry "CAN"]

1. e4 d6 2. d4 g6 3. Nc3 Bg7 4. Be3 Nd7 5. Qd2 c5 6. O-O-O cxd4 7. Bxd4 Ngf6 8.
f3 O-O 9. g4 a6 10. h4 b5 11. h5 Qa5 12. Kb1 b4 13. Nd5 Nxd5 14. Bxg7 Kxg7 15.
exd5 Nf6 16. hxg6 fxg6 17. Qh6+ Kg8 18. g5 Nh5 19. Rxh5 gxh5 20. g6 hxg6 21.
Qxg6+ Kh8 22. Bd3 1-0

[Event "Choc des Generations"]
[Site "Montreal CAN"]
[Date "2019.03.31"]
[Round "5.3"]
[White "Tanaka, Tyler"]
[Black "Nikulich, Oleksandr"]
[Result "1/2-1/2"]
[WhiteElo "1951"]
[BlackElo "1986"]
[PlyCount "49"]
[EventDate "2019.03.29"]
[EventType "schev"]
[EventRounds "5"]
[EventCountry "CAN"]

1. e4 c6 2. Nc3 d5 3. Nf3 dxe4 4. Nxe4 Nf6 5. Qe2 Nxe4 6. Qxe4 Nd7 7. Bc4 e6 8.
O-O Be7 9. d4 Qa5 10. Ne5 Nxe5 11. dxe5 Bd7 12. c3 Qc7 13. a4 c5 14. Rd1 Bc6
15. Bb5 Rd8 16. Rxd8+ Kxd8 17. Bxc6 Qxc6 18. Qxc6 bxc6 19. Be3 Kc7 20. Rd1 Rb8
21. Rd2 Rb6 22. Kf1 Ra6 23. b3 c4 24. b4 Rxa4 25. Rd4 1/2-1/2

[Event "Choc des Generations"]
[Site "Montreal CAN"]
[Date "2019.03.31"]
[Round "5.4"]
[White "Tremblay, Rejean"]
[Black "Ouellet, Maili-Jade"]
[Result "1/2-1/2"]
[WhiteElo "2146"]
[BlackElo "2086"]
[PlyCount "114"]
[EventDate "2019.03.29"]
[EventType "schev"]
[EventRounds "5"]
[EventCountry "CAN"]

1. e4 d5 2. exd5 Nf6 3. Bb5+ Bd7 4. Bc4 Bg4 5. f3 Bf5 6. Nc3 Nbd7 7. Qe2 Nb6 8.
Bb3 Qd7 9. g4 Bg6 10. d3 Nfxd5 11. Nxd5 Nxd5 12. Nh3 O-O-O 13. Bxd5 Qxd5 14.
Nf4 Qc6 15. Be3 e5 16. Nxg6 hxg6 17. h3 Bb4+ 18. c3 Be7 19. O-O-O Qa6 20. Kb1
Rd5 21. Qc2 Rhd8 22. d4 exd4 23. Rxd4 Rxd4 24. Bxd4 Bf6 25. Bxf6 Qxf6 26. Qe2
Qd6 27. Kc2 Qd5 28. a3 Qc6 29. Qe3 a6 30. h4 Qa4+ 31. Kc1 Re8 32. Qd2 Qc4 33.
Re1 Rxe1+ 34. Qxe1 Qf4+ 35. Kc2 Kb8 36. Qe2 b6 37. b3 Ka7 38. a4 Qd6 39. Qc4
Qe7 40. g5 Qd7 41. Qe4 Qd6 42. f4 Qc5 43. Kb2 b5 44. axb5 axb5 45. b4 Qf2+ 46.
Kb3 Qb6 47. f5 Qd6 48. fxg6 fxg6 49. Kc2 Kb6 50. Qe3+ Kb7 51. Qe4+ Ka7 52. Qe3+
Ka6 53. Qe8 c6 54. Qf7 Qh2+ 55. Kb3 Qxh4 56. Qxg6 Qh1 57. Qxg7 Qb1+ 1/2-1/2

[Event "Choc des Generations"]
[Site "Montreal CAN"]
[Date "2019.03.31"]
[Round "5.5"]
[White "Lopez Linares, Lizandro"]
[Black "Zhong, Kevin"]
[Result "0-1"]
[WhiteElo "2100"]
[BlackElo "1967"]
[PlyCount "96"]
[EventDate "2019.03.29"]
[EventType "schev"]
[EventRounds "5"]
[EventCountry "CAN"]

1. d4 d5 2. c4 e6 3. Nf3 Nf6 4. Nc3 Be7 5. Bf4 O-O 6. e3 c5 7. dxc5 Bxc5 8. Qc2
Nc6 9. a3 Qa5 10. Rc1 d4 11. exd4 Nxd4 12. Nxd4 Bxd4 13. Bd3 e5 14. Bd2 Qb6 15.
O-O h6 16. b4 Ng4 17. c5 Qf6 18. Be1 Qh4 19. h3 Nf6 20. Ne2 Bxh3 21. gxh3 Qxh3
22. Bf5 Ng4 23. Bxg4 Qxg4+ 24. Kh2 e4 25. Ng3 Be5 26. Qd1 Qh4+ 27. Kg2 Rad8 28.
Qe2 f5 29. Rc4 Qg5 30. Qh5 Qf6 31. f4 exf3+ 32. Rxf3 f4 33. Ne4 Qe6 34. Rc2 Bc7
35. Re2 Rf5 36. Qh3 Rg5+ 37. Kh2 Qc4 38. Qf1 Rh5+ 39. Kg1 Qf7 40. Rg2 Be5 41.
Bc3 Qe6 42. Bxe5 Rxe5 43. Qa1 Rd7 44. Rxf4 Rxe4 45. Rf1 Rg4 46. Qb2 Rxg2+ 47.
Qxg2 Rd5 48. Qf3 Qg6+ 0-1

[Event "Contrecoeur op"]
[Site "Contrecoeur CAN"]
[Date "2019.11.01"]
[Round "1.2"]
[White "Turcotte, Jonathan"]
[Black "Sambuev, Bator"]
[Result "0-1"]
[WhiteElo "1976"]
[BlackElo "2504"]
[PlyCount "62"]
[EventDate "2019.11.02"]
[EventType "swiss"]
[EventRounds "5"]
[EventCountry "CAN"]

1. d4 Nf6 2. c4 e6 3. Nf3 b6 4. g3 Ba6 5. b3 b5 6. Bg2 bxc4 7. Ne5 Bb4+ 8. Bd2
cxb3 9. Bxb4 b2 10. Nc3 bxa1=Q 11. Qxa1 d5 12. O-O Nfd7 13. Nxd7 Nxd7 14. Rd1
Rf8 15. a3 f5 16. f3 Kf7 17. e4 Bc4 18. exf5 exf5 19. Qc1 Nf6 20. Qf4 Qd7 21.
Bh3 g6 22. g4 Rae8 23. gxf5 g5 24. Qc1 Rg8 25. Kh1 h5 26. Rg1 g4 27. fxg4 hxg4
28. Bg2 Qxf5 29. Nxd5 Bxd5 30. Rf1 Bxg2+ 31. Kxg2 Qe4+ 0-1

[Event "Contrecoeur op"]
[Site "Contrecoeur CAN"]
[Date "2019.11.01"]
[Round "1.3"]
[White "Roussel-Roozmon, Thomas"]
[Black "Mok, Yuen Tak"]
[Result "1-0"]
[WhiteElo "2472"]
[BlackElo "1795"]
[PlyCount "65"]
[EventDate "2019.11.02"]
[EventType "swiss"]
[EventRounds "5"]
[EventCountry "CAN"]

1. d4 d5 2. c4 e6 3. Nf3 c6 4. e3 Bd6 5. Bd3 Nf6 6. Nbd2 Nbd7 7. O-O O-O 8. e4
dxe4 9. Nxe4 Nxe4 10. Bxe4 Nf6 11. Bc2 b6 12. Bg5 Bb7 13. Qd3 g6 14. Rad1 Be7
15. Qe3 Nd7 16. Bh6 Re8 17. Rfe1 Bf6 18. Ne5 Qe7 19. Ng4 Bh8 20. Qg3 Rac8 21.
h4 Nf6 22. Bg5 Nh5 23. Bxe7 Nxg3 24. Bf6 h5 25. Nh6+ Kh7 26. Nxf7 Bxf6 27. fxg3
Re7 28. Ne5 Bxe5 29. dxe5 Rf8 30. Rf1 Rxf1+ 31. Rxf1 Bc8 32. Rf6 Rg7 33. Kf2
1-0

[Event "Contrecoeur op"]
[Site "Contrecoeur CAN"]
[Date "2019.11.01"]
[Round "1.5"]
[White "Tanaka, Tyler"]
[Black "Bilodeau-Savaria, Carl-William"]
[Result "1-0"]
[WhiteElo "2123"]
[BlackElo "1601"]
[PlyCount "62"]
[EventDate "2019.11.02"]
[EventType "swiss"]
[EventRounds "5"]
[EventCountry "CAN"]

1. e4 c5 2. Ne2 Nc6 3. Nbc3 Nf6 4. g3 e6 5. Bg2 Be7 6. O-O O-O 7. h3 Qc7 8. d3
a6 9. f4 d6 10. g4 h6 11. Qe1 Bd7 12. Be3 Rae8 13. Qg3 Nh7 14. h4 b5 15. g5
hxg5 16. hxg5 b4 17. Nd1 Qd8 18. Qh2 g6 19. Qh6 Kh8 20. Rf3 f6 21. Rh3 Rf7 22.
Nf2 fxg5 23. fxg5 Rg7 24. Nf4 Bxg5 25. Nxg6+ Kg8 26. Bxg5 Nxg5 27. Rg3 Nh7 28.
Nh3 Nd4 29. Nhf4 Nf6 30. Qh8+ Kf7 31. Ne5+ dxe5 1-0

[Event "Contrecoeur op"]
[Site "Contrecoeur CAN"]
[Date "2019.11.01"]
[Round "1.6"]
[White "Bilodeau-Savaria, Sandy-Rose"]
[Black "Nunez-Painchaud, Raphael"]
[Result "0-1"]
[WhiteElo "1353"]
[BlackElo "2050"]
[PlyCount "174"]
[EventDate "2019.11.02"]
[EventType "swiss"]
[EventRounds "5"]
[EventCountry "CAN"]

1. d4 Nf6 2. c4 e6 3. Nf3 b6 4. Nc3 Bb4 5. Bg5 Bb7 6. e3 h6 7. Bh4 O-O 8. Bd3
d5 9. cxd5 exd5 10. O-O Nbd7 11. Rc1 Be7 12. Qc2 Re8 13. Bg3 Nh5 14. Rfe1 Nxg3
15. hxg3 Nf6 16. e4 dxe4 17. Nxe4 Rc8 18. Qa4 Nxe4 19. Bxe4 Bxe4 20. Rxe4 Bd6
21. Rce1 Rxe4 22. Rxe4 a5 23. Ne5 Bxe5 24. Rxe5 c6 25. Qc4 Qd6 26. Rf5 Qd7 27.
Rf3 Rd8 28. a3 b5 29. Qc3 a4 30. Rd3 Qd5 31. Qb4 g6 32. f3 Kg7 33. Kf2 h5 34.
Qc3 Kh7 35. Qb4 Rd6 36. Rd2 Rd7 37. Rd3 Qf5 38. Rd2 Rd5 39. Qc3 Qd7 40. Ke3 Qd6
41. Rc2 Qe6+ 42. Kf2 Qf6 43. Ke3 Qg5+ 44. Kf2 h4 45. gxh4 Qxh4+ 46. Ke3 Qg5+
47. Kf2 Qf4 48. Rd2 c5 49. g3 Qf6 50. Ke3 Rf5 51. f4 Qe6+ 52. Kf3 Qd5+ 53. Ke3
Qe6+ 54. Kf3 g5 55. dxc5 g4+ 56. Kf2 Qc6 57. Rd6 Qxc5+ 58. Qxc5 Rxc5 59. Rd2
Kg6 60. Ke3 Kf6 61. Kd3 Rc1 62. Ke3 Rf1 63. Rg2 Rf3+ 64. Ke4 Ke6 65. Kd4 Rb3
66. Kc5 Kf5 67. Kd4 b4 68. axb4 Rxb4+ 69. Kc3 Rb8 70. Kd3 Rd8+ 71. Ke3 Ke6 72.
Ke4 f5+ 73. Ke3 Rb8 74. Kd3 Kd5 75. Kc3 Rb3+ 76. Kc2 Ke4 77. Re2+ Re3 78. Rg2
Kf3 79. Rg1 Kf2 80. Kd2 Re2+ 81. Kd3 Kxg1 82. Kxe2 Kg2 83. Kd3 Kxg3 84. Ke3 Kh3
85. Kf2 g3+ 86. Kg1 Kg4 87. Kg2 Kxf4 0-1

[Event "Contrecoeur op"]
[Site "Contrecoeur CAN"]
[Date "2019.11.02"]
[Round "2.2"]
[White "Sambuev, Bator"]
[Black "Tanaka, Tyler"]
[Result "1-0"]
[WhiteElo "2504"]
[BlackElo "2123"]
[PlyCount "91"]
[EventDate "2019.11.02"]
[EventType "swiss"]
[EventRounds "5"]
[EventCountry "CAN"]

1. d4 Nf6 2. c4 g6 3. Nc3 Bg7 4. e4 d6 5. Nf3 O-O 6. Be2 c5 7. O-O cxd4 8. Nxd4
Nc6 9. Be3 Bd7 10. f3 Nxd4 11. Bxd4 a5 12. c5 dxc5 13. Bxc5 Rc8 14. Be3 Bc6 15.
Qb3 Qd6 16. Rfd1 Qb4 17. e5 Nd7 18. f4 Nc5 19. Qxb4 axb4 20. Nd5 Bxd5 21. Rxd5
b6 22. Rad1 Ra8 23. R5d4 Rxa2 24. Rxb4 Na4 25. Rd2 Rc8 26. Kf2 e6 27. b3 Rxd2
28. Bxd2 Nc3 29. Ba6 Rc7 30. Rxb6 Ne4+ 31. Ke3 Nxd2 32. Rb8+ Bf8 33. Kxd2 Kg7
34. b4 Rd7+ 35. Kc3 Rd1 36. Bd3 Rc1+ 37. Kd2 Rg1 38. Be4 Rf1 39. b5 Rf2+ 40.
Kd3 Rb2 41. b6 Rb3+ 42. Kc2 Rb4 43. b7 Bc5 44. Ra8 Rc4+ 45. Kd3 Rd4+ 46. Kc3
1-0

[Event "Contrecoeur op"]
[Site "Contrecoeur CAN"]
[Date "2019.11.02"]
[Round "2.3"]
[White "Nunez-Painchaud, Raphael"]
[Black "Roussel-Roozmon, Thomas"]
[Result "1/2-1/2"]
[WhiteElo "2050"]
[BlackElo "2472"]
[PlyCount "39"]
[EventDate "2019.11.02"]
[EventType "swiss"]
[EventRounds "5"]
[EventCountry "CAN"]

1. d4 Nf6 2. c4 e6 3. Nf3 d5 4. g3 dxc4 5. Bg2 Bb4+ 6. Bd2 a5 7. Qc2 b5 8. a4
Bxd2+ 9. Nfxd2 Ra7 10. axb5 Qxd4 11. Qxc4 Qb6 12. O-O O-O 13. Nc3 Bb7 14. Bxb7
Rxb7 15. Nb3 Ra7 16. Na4 Qb7 17. Nac5 Qb6 18. Na4 Qb7 19. Nac5 Qb6 20. Na4
1/2-1/2

[Event "Contrecoeur op"]
[Site "Contrecoeur CAN"]
[Date "2019.11.02"]
[Round "2.4"]
[White "Masse, Hugues"]
[Black "Huang, Qiuyu"]
[Result "1-0"]
[WhiteElo "2181"]
[BlackElo "1992"]
[PlyCount "149"]
[EventDate "2019.11.02"]
[EventType "swiss"]
[EventRounds "5"]
[EventCountry "CAN"]

1. e4 c5 2. Nf3 Nc6 3. d4 cxd4 4. Nxd4 e5 5. Nb5 d6 6. c4 Be7 7. N1c3 a6 8. Na3
Nf6 9. Be2 Be6 10. Be3 O-O 11. O-O h6 12. f3 Nh5 13. Qd2 Bg5 14. Bxg5 Qxg5 15.
Qxg5 hxg5 16. g3 Nd4 17. Bd3 g4 18. fxg4 Bxg4 19. Nd5 Be6 20. Nb6 Rad8 21. Nc2
Nxc2 22. Bxc2 g6 23. Bd1 Ng7 24. Bf3 Bh3 25. Bg2 Bxg2 26. Kxg2 f5 27. Nd5 Rd7
28. exf5 gxf5 29. Rf2 Ne6 30. Raf1 Nd4 31. Ne3 Rdf7 32. Nc2 Nxc2 33. Rxc2 Rc8
34. b3 d5 35. Re2 dxc4 36. Rxe5 c3 37. Rc1 Kg7 38. Rc2 Kf6 39. Re3 Rfc7 40. Kf3
b5 41. b4 Rc4 42. a3 R8c6 43. Ke2 Re4 44. Kf3 Rec4 45. h3 Rc8 46. Ke2 Re4 47.
Kf3 Rec4 48. h4 R8c6 49. Ke2 Re4 50. Kf3 Rec4 51. Ke2 Re4 52. Rxe4 fxe4 53. Ke3
Ke5 54. h5 Kd5 55. g4 Kc4 56. g5 Kb3 57. Rc1 Kb2 58. Rh1 c2 59. h6 c1=Q+ 60.
Rxc1 Rxc1 61. g6 Kxa3 62. g7 Rg1 63. Kxe4 Kxb4 64. Kf5 Ka3 65. Kf6 Rh1 66. Kg6
Rg1+ 67. Kf7 b4 68. h7 Rxg7+ 69. Kxg7 b3 70. h8=Q a5 71. Qf8+ Ka2 72. Qa8 b2
73. Qxa5+ Kb3 74. Qb5+ Kc2 75. Qc4+ 1-0

[Event "Contrecoeur op"]
[Site "Contrecoeur CAN"]
[Date "2019.11.02"]
[Round "2.5"]
[White "Zhong, Kevin"]
[Black "Gil, Bernardo"]
[Result "1-0"]
[WhiteElo "2074"]
[BlackElo "1706"]
[PlyCount "79"]
[EventDate "2019.11.02"]
[EventType "swiss"]
[EventRounds "5"]
[EventCountry "CAN"]

1. e4 c5 2. Ne2 Nc6 3. Nbc3 Nf6 4. d4 cxd4 5. Nxd4 d6 6. Be2 g6 7. O-O Bg7 8.
Be3 O-O 9. Nb3 Bd7 10. f4 a6 11. Bf3 Qc7 12. Nd5 Nxd5 13. exd5 Nd8 14. c3 f5
15. Bd4 Bxd4+ 16. Nxd4 e5 17. dxe6 Nxe6 18. Qb3 Rae8 19. Bd5 Rf6 20. Rae1 Kf7
21. Re2 b5 22. Rfe1 Qc8 23. Kh1 Re7 24. Nf3 Kg7 25. Ng5 a5 26. Bxe6 Qe8 27. Bc4
Rxe2 28. Bxe2 h6 29. Nf3 Re6 30. Qd1 b4 31. cxb4 Re3 32. Bf1 Rxe1 33. Qxe1 Qxe1
34. Nxe1 axb4 35. Nc2 g5 36. Nxb4 Bc8 37. a4 Kf6 38. a5 Bb7 39. a6 Bc8 40. Bb5
1-0

[Event "Contrecoeur op"]
[Site "Contrecoeur CAN"]
[Date "2019.11.02"]
[Round "2.6"]
[White "Saha, Ananda"]
[Black "Yan, Alex Jikai"]
[Result "1-0"]
[WhiteElo "2026"]
[BlackElo "1638"]
[PlyCount "53"]
[EventDate "2019.11.02"]
[EventType "swiss"]
[EventRounds "5"]
[EventCountry "CAN"]

1. e4 c5 2. Nf3 Nc6 3. d4 cxd4 4. Nxd4 Nf6 5. Nc3 e5 6. Ndb5 d6 7. Nd5 Nxd5 8.
exd5 Nb8 9. c4 Nd7 10. Be2 Be7 11. O-O O-O 12. Be3 b6 13. b4 a6 14. Nc3 f5 15.
f4 e4 16. Rc1 Bb7 17. c5 bxc5 18. bxc5 Nf6 19. c6 Bc8 20. Qb3 h6 21. Na4 Qe8
22. Nb6 Rb8 23. c7 Rxb6 24. Qxb6 Nd7 25. Qc6 g5 26. Bxa6 Kh7 27. a4 1-0

[Event "Contrecoeur op"]
[Site "Contrecoeur CAN"]
[Date "2019.11.02"]
[Round "2.7"]
[White "Bilodeau-Savaria, Carl-William"]
[Black "Turcotte, Jonathan"]
[Result "0-1"]
[WhiteElo "1601"]
[BlackElo "1976"]
[PlyCount "58"]
[EventDate "2019.11.02"]
[EventType "swiss"]
[EventRounds "5"]
[EventCountry "CAN"]

1. d4 d5 2. c4 c6 3. Nf3 Nf6 4. Nc3 e6 5. e3 Nbd7 6. Qc2 Bd6 7. Bd2 O-O 8. a4
Re8 9. Bd3 e5 10. dxe5 Nxe5 11. Nxe5 Bxe5 12. O-O d4 13. exd4 Qxd4 14. Rae1 Qh4
15. g3 Qh3 16. f3 Bxg3 17. Rxe8+ Nxe8 18. hxg3 Qxg3+ 19. Kh1 Qh3+ 20. Kg1 Qg3+
21. Kh1 Bh3 22. Rg1 Qxf3+ 23. Kh2 Nf6 24. Rg3 Ng4+ 25. Rxg4 Bxg4 26. Bxh7+ Kh8
27. Be4 Qf2+ 28. Kh1 Rd8 29. Bg5 Bf3+ 0-1

[Event "Contrecoeur op"]
[Site "Contrecoeur CAN"]
[Date "2019.11.02"]
[Round "2.8"]
[White "Mok, Yuen Tak"]
[Black "Hernandez, Juan Felipe"]
[Result "1-0"]
[WhiteElo "1795"]
[BlackElo "1629"]
[PlyCount "81"]
[EventDate "2019.11.02"]
[EventType "swiss"]
[EventRounds "5"]
[EventCountry "CAN"]

1. c4 Nf6 2. Nf3 e6 3. g3 d5 4. Bg2 dxc4 5. Qa4+ c6 6. Qxc4 b5 7. Qc2 Bb7 8. d4
Nbd7 9. O-O c5 10. Rd1 cxd4 11. Nxd4 Bxg2 12. Kxg2 Rc8 13. Qb3 a6 14. Qf3 Qb6
15. Nb3 Ne5 16. Qe3 Qxe3 17. Bxe3 Be7 18. N1d2 O-O 19. Rac1 Rfd8 20. Bb6 Re8
21. Bd4 Nc6 22. Bc5 Nd5 23. Ne4 f5 24. Bxe7 Ncxe7 25. Nec5 Rc6 26. Nd4 Rd6 27.
Ndxe6 Kf7 28. Ng5+ Kg6 29. Nf3 Nc8 30. Nd4 Nb4 31. a3 Nc6 32. e3 Nxd4 33. Rxd4
Rxd4 34. exd4 a5 35. Nb7 a4 36. Rc6+ Kg5 37. h4+ Kh5 38. d5 Re7 39. Nc5 Na7 40.
Ra6 Rc7 41. Ne6 1-0

[Event "Contrecoeur op"]
[Site "Contrecoeur CAN"]
[Date "2019.11.02"]
[Round "3.2"]
[White "Roussel-Roozmon, Thomas"]
[Black "Masse, Hugues"]
[Result "1-0"]
[WhiteElo "2472"]
[BlackElo "2181"]
[PlyCount "73"]
[EventDate "2019.11.02"]
[EventType "swiss"]
[EventRounds "5"]
[EventCountry "CAN"]

1. d4 Nf6 2. c4 e6 3. g3 c5 4. d5 exd5 5. cxd5 d6 6. Nc3 g6 7. Bg2 Bg7 8. Nf3
O-O 9. O-O Re8 10. Bf4 Ne4 11. Nxe4 Rxe4 12. Nd2 Rxf4 13. gxf4 Bxb2 14. Rb1 Bg7
15. Nc4 Na6 16. Qd2 Rb8 17. Rb3 Qc7 18. Rfb1 Bd7 19. Qa5 Qxa5 20. Nxa5 b6 21.
Nc4 Bf8 22. Ra3 Bc8 23. e4 b5 24. Rab3 bxc4 25. Rxb8 Nxb8 26. Rxb8 c3 27. Rb1
Bg7 28. Bf1 Bd4 29. Bd3 Bg4 30. Kf1 Bf3 31. Rb8+ Kg7 32. Ke1 c4 33. Bc2 Bc5 34.
Rc8 f6 35. e5 fxe5 36. fxe5 Kh6 37. e6 1-0

[Event "Contrecoeur op"]
[Site "Contrecoeur CAN"]
[Date "2019.11.02"]
[Round "3.4"]
[White "Tanaka, Tyler"]
[Black "Nunez-Painchaud, Raphael"]
[Result "1/2-1/2"]
[WhiteElo "2123"]
[BlackElo "2050"]
[PlyCount "69"]
[EventDate "2019.11.02"]
[EventType "swiss"]
[EventRounds "5"]
[EventCountry "CAN"]

1. e4 c5 2. Nf3 Nc6 3. Nc3 e5 4. Bc4 Be7 5. d3 d6 6. Nd2 Bg5 7. Nf1 Bxc1 8.
Qxc1 Nge7 9. Ne3 O-O 10. O-O Ng6 11. Ned5 Be6 12. Qd2 Kh8 13. Rae1 Na5 14. a3
Nf4 15. Nxf4 Nxc4 16. dxc4 exf4 17. Qxf4 Bxc4 18. Ne2 Qe7 19. b3 Bxe2 20. Rxe2
d5 21. Rfe1 d4 22. e5 Rae8 23. e6 fxe6 24. Rxe6 Qd8 25. Qe4 Rxe6 26. Qxe6 h6
27. g3 Qf6 28. Qxf6 Rxf6 29. Re7 Rf3 30. Rxb7 a5 31. Rb5 Rc3 32. Rxa5 Rxc2 33.
Ra8+ Kh7 34. Rd8 Rb2 35. b4 1/2-1/2

[Event "Contrecoeur op"]
[Site "Contrecoeur CAN"]
[Date "2019.11.02"]
[Round "3.5"]
[White "Mok, Yuen Tak"]
[Black "Saha, Ananda"]
[Result "0-1"]
[WhiteElo "1795"]
[BlackElo "2026"]
[PlyCount "82"]
[EventDate "2019.11.02"]
[EventType "swiss"]
[EventRounds "5"]
[EventCountry "CAN"]

1. e4 e6 2. Qe2 c5 3. g3 Nc6 4. Bg2 g6 5. Nf3 Bg7 6. c3 Nge7 7. O-O d5 8. e5 d4
9. d3 O-O 10. c4 a6 11. a4 Qc7 12. Bf4 Bd7 13. Nbd2 Rab8 14. Ne4 b6 15. Nf6+
Kh8 16. Ng5 h6 17. Qg4 Bxf6 18. exf6 e5 19. Qe2 Nf5 20. Bxc6 Qxc6 21. Bxe5 hxg5
22. Bxb8 Rxb8 23. f4 Ne3 24. Rf2 g4 25. Rc1 Bc8 26. h3 gxh3 27. Rh2 Bg4 28. Qf2
Qxf6 29. Re1 Qf5 30. Qd2 Qd7 31. b3 Re8 32. Rf2 Nf5 33. Kh2 Re3 34. Rg1 Qe6 35.
a5 Nh6 36. Rb1 Bf5 37. b4 Ng4+ 38. Kh1 Nxf2+ 39. Qxf2 Bxd3 40. Rb2 Re1+ 41. Kh2
Qe4 0-1

[Event "Contrecoeur op"]
[Site "Contrecoeur CAN"]
[Date "2019.11.02"]
[Round "3.6"]
[White "Turcotte, Jonathan"]
[Black "Bilodeau-Savaria, Sandy-Rose"]
[Result "1-0"]
[WhiteElo "1976"]
[BlackElo "1353"]
[PlyCount "93"]
[EventDate "2019.11.02"]
[EventType "swiss"]
[EventRounds "5"]
[EventCountry "CAN"]

1. d4 d5 2. c4 e6 3. Nf3 Nf6 4. Nc3 Be7 5. Bg5 h6 6. Bh4 O-O 7. e3 Nbd7 8. Rc1
c6 9. Bd3 dxc4 10. Bxc4 b5 11. Bd3 Bb7 12. O-O a6 13. a4 b4 14. Ne4 Nxe4 15.
Bxe7 Qxe7 16. Bxe4 Rac8 17. Nd2 e5 18. Qc2 exd4 19. exd4 Nb6 20. a5 Nd5 21. Nb3
Rfe8 22. Rfe1 Qc7 23. g3 Re7 24. Bf3 Rce8 25. Rxe7 Qxe7 26. Nc5 Bc8 27. Qd2 Qf6
28. Bg2 Rd8 29. Ne4 Qe6 30. Qc2 Ne7 31. Qc5 Nf5 32. Rc4 Qe7 33. Qxe7 Nxe7 34.
Rxb4 Nf5 35. Bh3 Be6 36. Bxf5 Bxf5 37. Nc5 Rd5 38. f3 h5 39. Kf2 g6 40. Ke3 Kg7
41. Rb6 Bd7 42. Rxa6 Kf8 43. Nxd7+ Rxd7 44. Rxc6 Ke7 45. b4 Ra7 46. d5 Kd7 47.
Kd4 1-0

[Event "Contrecoeur op"]
[Site "Contrecoeur CAN"]
[Date "2019.11.02"]
[Round "3.7"]
[White "Huang, Qiuyu"]
[Black "Yan, Alex Jikai"]
[Result "1/2-1/2"]
[WhiteElo "1992"]
[BlackElo "1638"]
[PlyCount "47"]
[EventDate "2019.11.02"]
[EventType "swiss"]
[EventRounds "5"]
[EventCountry "CAN"]

1. e4 c5 2. Nf3 Nc6 3. d4 cxd4 4. Nxd4 Nf6 5. Nc3 e5 6. Ndb5 d6 7. Bg5 a6 8.
Na3 b5 9. Nd5 Be7 10. Bxf6 Bxf6 11. c4 b4 12. Nc2 a5 13. g3 g6 14. Bg2 Bg7 15.
Qd3 O-O 16. Rd1 Ra6 17. Nde3 Nb8 18. O-O Nd7 19. b3 Nc5 20. Qe2 Bb7 21. Nd5
Bxd5 22. Rxd5 Qb6 23. Qd2 Rb8 24. Rd1 1/2-1/2

[Event "Contrecoeur op"]
[Site "Contrecoeur CAN"]
[Date "2019.11.02"]
[Round "3.8"]
[White "Gil, Bernardo"]
[Black "Bilodeau-Savaria, Carl-William"]
[Result "1-0"]
[WhiteElo "1706"]
[BlackElo "1601"]
[PlyCount "45"]
[EventDate "2019.11.02"]
[EventType "swiss"]
[EventRounds "5"]
[EventCountry "CAN"]

1. Nf3 d5 2. g3 c5 3. Bg2 Nf6 4. O-O g6 5. d3 Bg7 6. Nbd2 Nc6 7. c4 d4 8. Nb3
Qd6 9. Bd2 e5 10. e4 O-O 11. a3 Bg4 12. Qc1 Bxf3 13. Bxf3 Nd7 14. Bg2 f5 15.
exf5 gxf5 16. f4 Rae8 17. fxe5 Ndxe5 18. Bf4 b6 19. Qd2 Qg6 20. Rae1 Kh8 21.
Na1 a5 22. Nc2 Rf6 23. Re2 {...} 1-0

[Event "Contrecoeur op"]
[Site "Contrecoeur CAN"]
[Date "2019.11.03"]
[Round "4.1"]
[White "Sambuev, Bator"]
[Black "Roussel-Roozmon, Thomas"]
[Result "1-0"]
[WhiteElo "2504"]
[BlackElo "2472"]
[PlyCount "99"]
[EventDate "2019.11.02"]
[EventType "swiss"]
[EventRounds "5"]
[EventCountry "CAN"]

1. Nf3 d5 2. c4 e6 3. d4 Nf6 4. Nc3 Bb4 5. g3 dxc4 6. Bg2 Nc6 7. O-O O-O 8. a3
Be7 9. e4 Na5 10. Be3 a6 11. Qe2 b5 12. Rad1 Bb7 13. Ne5 Qe8 14. f4 Rd8 15. g4
Nd7 16. Nxd7 Rxd7 17. e5 Bxg2 18. Qxg2 Qa8 19. d5 Rfd8 20. d6 Bf8 21. dxc7 Rxc7
22. Qxa8 Rxa8 23. Bb6 Bc5+ 24. Bxc5 Rxc5 25. Rd7 Rcc8 26. Rfd1 Nb3 27. Ne4 h6
28. Nd6 Rc6 29. Nxf7 Rf8 30. Nd8 Rb6 31. Re7 Nc5 32. Rd4 g5 33. Rc7 Rb8 34. Nc6
Rb7 35. Ne7+ Kf7 36. Rxb7 Nxb7 37. Rd7 Nc5 38. Rc7 Rd8 39. Nc8+ Nd7 40. Nd6+
Ke7 41. f5 Rb8 42. Ra7 Rf8 43. Kg2 Rd8 44. Kf2 Rb8 45. Ne4 Rc8 46. Nf6 Rd8 47.
Nxd7 Rxd7 48. f6+ Ke8 49. Rxd7 Kxd7 50. Ke3 1-0

[Event "Contrecoeur op"]
[Site "Contrecoeur CAN"]
[Date "2019.11.03"]
[Round "4.3"]
[White "Saha, Ananda"]
[Black "Turcotte, Jonathan"]
[Result "1-0"]
[WhiteElo "2026"]
[BlackElo "1976"]
[PlyCount "69"]
[EventDate "2019.11.02"]
[EventType "swiss"]
[EventRounds "5"]
[EventCountry "CAN"]

1. e4 c6 2. d4 d5 3. e5 Bf5 4. Nf3 e6 5. Be2 c5 6. Be3 Qb6 7. Nc3 Nc6 8. O-O
Qxb2 9. Qe1 cxd4 10. Bxd4 Nxd4 11. Nxd4 Bb4 12. Rb1 Bxc3 13. Rxb2 Bxe1 14. Rxe1
b6 15. Bb5+ Kf8 16. Nxf5 exf5 17. Bd7 Ne7 18. Rb3 Rd8 19. e6 fxe6 20. Bxe6 d4
21. Rb4 Rd6 22. Rc4 g6 23. Rc7 a5 24. Bb3 Nd5 25. Rb7 Rg8 26. Re5 Rg7 27. Rb8+
Kf7 28. Bxd5+ Kf6 29. f4 Re7 30. Rxe7 Kxe7 31. Rb7+ Kd8 32. Bf3 h6 33. h4 Kc8
34. Rh7 h5 35. Rg7 1-0

[Event "Contrecoeur op"]
[Site "Contrecoeur CAN"]
[Date "2019.11.03"]
[Round "4.5"]
[White "Masse, Hugues"]
[Black "Gil, Bernardo"]
[Result "1-0"]
[WhiteElo "2181"]
[BlackElo "1706"]
[PlyCount "79"]
[EventDate "2019.11.02"]
[EventType "swiss"]
[EventRounds "5"]
[EventCountry "CAN"]

1. e4 c5 2. Nf3 g6 3. d4 Bg7 4. d5 d6 5. c4 Nd7 6. Bd3 Ngf6 7. O-O O-O 8. Nc3
Ng4 9. Re1 Nge5 10. Nxe5 Nxe5 11. Be2 f5 12. exf5 Bxf5 13. f4 Nf7 14. Be3 Nh6
15. g4 Bd7 16. h3 e6 17. dxe6 Bxe6 18. Qd3 Qh4 19. Bf2 Bd4 20. Qxd4 cxd4 21.
Bxh4 dxc3 22. bxc3 Rac8 23. Be7 Rfe8 24. Bxd6 Bxc4 25. Bxc4+ Nf7 26. Rxe8+ Rxe8
27. Be5 Kf8 28. Bd4 b6 29. Kf2 Nd6 30. Bd3 Kf7 31. Re1 Rc8 32. Kf3 a6 33. Bxa6
Ra8 34. Bd3 Rxa2 35. Bxb6 Rd2 36. Re3 h5 37. Bc5 hxg4+ 38. hxg4 Nc8 39. Bc4+
Kg7 40. Re8 1-0

[Event "Contrecoeur op"]
[Site "Contrecoeur CAN"]
[Date "2019.11.03"]
[Round "4.6"]
[White "Yan, Alex Jikai"]
[Black "Tanaka, Tyler"]
[Result "0-1"]
[WhiteElo "1638"]
[BlackElo "2123"]
[PlyCount "68"]
[EventDate "2019.11.02"]
[EventType "swiss"]
[EventRounds "5"]
[EventCountry "CAN"]

1. e4 c5 2. Nf3 d6 3. d4 cxd4 4. Nxd4 Nf6 5. Nc3 g6 6. f3 Bg7 7. Be3 Nc6 8. Nb3
O-O 9. Qd2 Be6 10. O-O-O Na5 11. h4 Rc8 12. Kb1 Re8 13. Bh6 Bh8 14. h5 Nxb3 15.
cxb3 Qa5 16. hxg6 fxg6 17. f4 Rxc3 18. Qxc3 Qxc3 19. bxc3 Nxe4 20. Re1 Nxc3+
21. Kc2 Kf7 22. Bg5 h5 23. Re3 Nd5 24. Rxe6 Nb4+ 25. Kd1 Kxe6 26. Bb5 Nc6 27.
Re1+ Kf7 28. Re2 a6 29. Bc4+ e6 30. g4 hxg4 31. Rg2 Nd4 32. Rxg4 Nf5 33. Kd2
Bd4 34. Bd3 Rh8 0-1